| 000 | 01227nam a22003617a 4500 | ||
|---|---|---|---|
| 003 | CHAP | ||
| 005 | 20220329135026.0 | ||
| 008 | 971013s1982 r 00010 d | ||
| 010 | _a29763 | ||
| 011 | _a30735 | ||
| 035 | _a34847 | ||
| 040 | _cCHAP | ||
| 090 | _aTesis | ||
| 100 | 0 | 0 |
_aLeyva Vázquez, Jorge Luis. _966595 |
| 245 | _aEfecto del parasitismo simple y múltiple sobre la mortalidad de Anastrepha ludens (Loew) | ||
| 260 |
_aChapingo, Méx. : _bEl autor, _c1982 |
||
| 300 |
_a89 h. _b: ilus. |
||
| 502 | _aTesis (M.C. Esp. em Entomología) -- CP. Centro de Entomología | ||
| 590 |
_aALEPH _b10 _c20130110 _lUCH01 _h1251 |
||
| 590 |
_aBATCH-UPD _b10 _c20130110 _lUCH01 _h0051 |
||
| 590 |
_aBATCH-UPD _b10 _c20130110 _lUCH01 _h1928 |
||
| 590 |
_aBATCH-UPD _b10 _c20130409 _lUCH01 _h2038 |
||
| 590 |
_aBATCH-UPD _b10 _c20130410 _lUCH01 _h1253 |
||
| 590 |
_aBATCH-UPD _b10 _c20130914 _lUCH01 _h0328 |
||
| 590 |
_aCONVERSION _b10 _c20130109 _lUCH01 _h1317 |
||
| 650 | 1 | 4 |
_aAnastrepha ludens. _95487 |
| 650 | 1 | 4 |
_aControl biológico de plagas. _927587 |
| 650 | 1 | 4 |
_aParasitismo. _985465 |
| 901 | _aBK | ||
| 942 | _cFOLL | ||
| 949 |
_bBC _cTES _d-80528 _eTS1 _i34847 _si |
||
| 949 |
_bBC _cTES _d33724000982674 _eTS2 _fc.2 _i34847 _si |
||
| 999 |
_c29763 _d29763 |
||